00461 2200193 4500001002100000005001500021008004100036020002200077035001900099041000700118082000800125090001400133100001100147245002700158260002100185300002900206500001000235650002200245INLIS00000000000307120241224112644241224||||||||| | ||| |||| || |  a978-979-066-034-2 0010-1224003071 aid0 a813 a813 KIR t0 aKirana00aTwo Beautiful Prinsses bDar! Mizanc2011 a96 hlm. : ilus, ; 20 cm. aCet.6 0aIlmu Kesusastraan